Statistics for Wrestling Stables

Click here to take the quiz!

General Stats

  • This quiz has been taken 978 times
  • The average score is 7 of 15

Answer Stats

HintAnswer% Correct
Chyna, Gilly Gunn, X-PacDegeneration X
93%
Orton, Flair, BatistaEvolution
86%
Syxx, Kevin Nash, Buff BagwellNew World Order
81%
Hollywood Nova, Da Blue Guy, Big Stevie CoolBlue World Order
61%
Owen Hart, Mark Henry, Ahmed JohnsonNation of Domination
56%
Héctor Garza, Damien, Eddie GuerreroLatino World Order
46%
Mideon, Viscera, The AcolytesMinistry of Darkness
46%
Dean Malenko, Chris Benoit, Perry SaturnRadicalz
45%
Raven, Riggs, HammerThe Flock
40%
Mongo McMichael, Sid, Lex LugerFour Horsemen
38%
Kurrgan, Golga, SableOddities
35%
Jeff Hardy, Matt Hardy, GangrelThe New Brood
33%
Crush, Chainz, SkullDisciples of Apocalypse
29%
Test, RVD, Ryhno, Booker TThe Alliance
22%
Stevie Richards, Brian Lee, PibBulls 1&2The Nest
5%

Score Distribution

Percentile by Number Answered

Percent of People with Each Score

Your Score History

You have not taken this quiz